[Event "XXXI Festival Conca della Presolana A"]
[Site "Bratto - Castione della Presolana ITA"]
[Date "2011.09.27"]
[Round "8"]
[White "Bresciani, Nicola"]
[Black "Cugini, Verter"]
[Result "0-1"]
[WhiteElo "2287"]
[BlackElo "2053"]
[PlyCount "134"]
[EventDate "2011.08.20"]

1. e4 e6 2. d4 d5 3. Nd2 Nf6 4. e5 Ne4 5. Nxe4 dxe4 6. Bc4 a6 7. a4 b6 8. Ne2
Bb7 9. Nf4 Nc6 10. c3 Na5 11. Ba2 c5 12. O-O c4 13. b4 cxb3 14. Bxb3 Nxb3 15.
Qxb3 Be7 16. Be3 O-O 17. Rfb1 Rb8 18. Qxb6 Qxb6 19. Rxb6 Bd8 20. Rb3 Bc7 21. c4
Bc6 22. Rc3 Rb4 23. a5 Rfb8 24. Rcc1 Rb2 25. d5 Bd7 26. d6 Bd8 27. Kf1 f6 28.
Bd4 R2b3 29. Ne2 Rc8 30. c5 Bb5 31. Ke1 fxe5 32. Be3 Rc6 33. Nc3 Bd3 34. Ra2
Kf7 35. Kd2 h6 36. g3 Bg5 37. Bxg5 hxg5 38. Na4 Bb5 39. Rc3 Bxa4 40. Rxa4 Rxc3
41. Kxc3 Rxc5+ 42. Rc4 Rxa5 43. Rc7+ Kf6 44. Rc6 Ra2 45. Kb4 Rxf2 46. Rc1 e3
47. Kc5 e4 48. Kc6 Rd2 49. Rf1+ Ke5 50. d7 Rxd7 51. Kxd7 Kd4 52. Kxe6 e2 53.
Ra1 Ke3 54. Kf5 Kf2 55. Kxg5 e1=Q 56. Rxe1 Kxe1 57. Kf4 Kf2 58. Kxe4 Kg2 59. g4
Kxh2 60. g5 a5 61. Kf5 a4 62. Kg6 a3 63. Kxg7 a2 64. g6 a1=Q+ 65. Kf7 Qa2+ 66.
Kf8 Qa3+ 67. Kf7 Qb3+ 0-1

[Event "XXXI Festival Conca della Presolana A"]
[Site "Bratto - Castione della Presolana ITA"]
[Date "2011.08.27"]
[Round "8"]
[White "Brunello, Marina"]
[Black "De Florio, Federico"]
[Result "1-0"]
[WhiteElo "2228"]
[BlackElo "2176"]
[PlyCount "111"]
[EventDate "2011.08.20"]

1. e4 c6 2. d4 d5 3. e5 Bf5 4. Nd2 e6 5. Nb3 Nd7 6. Nf3 Ne7 7. Be2 Bg6 8. O-O
Qb6 9. a4 a5 10. Bd2 Qc7 11. Rc1 f6 12. Re1 Be4 13. exf6 gxf6 14. Bd3 Bxd3 15.
cxd3 Kf7 16. Qe2 Qd6 17. Nxa5 Ra7 18. Qd1 Bg7 19. Nb3 b6 20. a5 bxa5 21. Nxa5
Re8 22. b4 e5 23. Nh4 Nf8 24. Qg4 Nfg6 25. Nxg6 hxg6 26. dxe5 fxe5 27. Be3 d4
28. Bd2 Rc7 29. Rc5 Nd5 30. Rec1 Rec8 31. Qf3+ Kg8 32. Nc4 Qe7 33. Na5 Qd6 34.
Qe4 Kf7 35. h3 Bf6 36. Nc4 Qe7 37. Qf3 Kg7 38. Na5 Qd6 39. Qd1 Be7 40. Qa4 Nb6
41. Qc2 Nd5 42. Qc4 Qd7 43. Rxc6 Rxc6 44. Nxc6 Nc3 45. b5 Ne2+ 46. Kh1 Nxc1 47.
Bxc1 Bf6 48. Bd2 Ra8 49. Kh2 Ra1 50. b6 e4 51. dxe4 d3 52. e5 Bd8 53. e6 Qd6+
54. Bf4 d2 55. Bxd6 d1=Q 56. Be5+ 1-0

[Event "XXXI Festival Conca della Presolana A"]
[Site "Bratto - Castione della Presolana ITA"]
[Date "2011.08.27"]
[Round "8"]
[White "Ceccarini, Marco"]
[Black "Brun, Dario"]
[Result "0-1"]
[WhiteElo "2052"]
[BlackElo "2265"]
[PlyCount "76"]
[EventDate "2011.08.20"]

1. e4 e6 2. d4 d5 3. Nc3 Bb4 4. e5 c5 5. a3 Bxc3+ 6. bxc3 Ne7 7. h4 Nbc6 8. h5
Qa5 9. Bd2 Bd7 10. h6 gxh6 11. Rb1 O-O-O 12. Rb5 Qa4 13. Rxc5 b6 14. Rb5 Nxd4
15. Rb2 Ndc6 16. Nf3 Ng6 17. Bb5 Qxa3 18. Rb3 Qe7 19. Bxh6 Ncxe5 20. Ba6+ Kb8
21. Nxe5 Nxe5 22. Bg7 f6 23. Bxh8 Rxh8 24. Qd4 Bc6 25. f4 Nd7 26. Bb5 Qd6 27.
Bxc6 Qxc6 28. Rb1 h5 29. Rd1 Rg8 30. Rd2 Nc5 31. Qxf6 Ne4 32. Qe5+ Kb7 33. Rxh5
Nxd2 34. Rh7+ Ka6 35. Kxd2 Rxg2+ 36. Kd1 Qb5 37. Rxa7+ Kxa7 38. Qc7+ Ka6 0-1

[Event "XXXI Festival Conca della Presolana A"]
[Site "Bratto - Castione della Presolana ITA"]
[Date "2011.08.27"]
[Round "8"]
[White "De La Villa Garcia, Jesus Maria"]
[Black "Indjic, Aleksandar"]
[Result "0-1"]
[WhiteElo "2490"]
[BlackElo "2373"]
[PlyCount "98"]
[EventDate "2011.08.20"]

1. e4 g6 2. d4 Bg7 3. Nf3 d6 4. Bc4 c6 5. Qe2 d5 6. Bb3 dxe4 7. Ne5 e6 8. Nc3
Nf6 9. Nxe4 Nxe4 10. Qxe4 O-O 11. O-O Nd7 12. Bf4 Nf6 13. Qd3 Qe7 14. Rfe1 Rd8
15. Rad1 Bd7 16. c4 Be8 17. Bg5 h6 18. Bc1 Nd7 19. Nf3 Nc5 20. Qe3 Nxb3 21.
Qxb3 b5 22. Bf4 bxc4 23. Qxc4 Rd5 24. b3 Rad8 25. Qe2 g5 26. Bc1 c5 27. Ba3 g4
28. Ne5 Qg5 29. Bc1 Qh5 30. Nxg4 cxd4 31. f4 Kh8 32. Bb2 f5 33. Ne5 Bxe5 34. g4
fxg4 35. fxe5 g3 36. Qxh5 Bxh5 37. Rd2 d3 38. hxg3 Be2 39. Rc1 Rg8 40. Kh2 Rd7
41. Rc6 Rg6 42. Ba3 Rf7 43. Bc5 h5 44. Rc8+ Kh7 45. Ra8 Rgg7 46. Re8 Rf1 47.
Kg2 Rf3 48. Bf2 h4 49. Rxe6 h3+ 0-1

[Event "XXXI Festival Conca della Presolana A"]
[Site "Bratto - Castione della Presolana ITA"]
[Date "2011.08.27"]
[Round "8"]
[White "Formento, Paolo"]
[Black "Bemporad, Filippo"]
[Result "1-0"]
[WhiteElo "2024"]
[BlackElo "2068"]
[PlyCount "87"]
[EventDate "2011.08.20"]

1. Nf3 Nf6 2. d4 e6 3. e3 b6 4. Bd3 Bb7 5. Nbd2 d5 6. b3 Bd6 7. O-O O-O 8. Bb2
Nbd7 9. Ne5 c5 10. f4 Ne4 11. Nxe4 dxe4 12. Bc4 Nxe5 13. dxe5 Be7 14. Qe2 Qc7
15. g4 Bd5 16. f5 Bxc4 17. Qxc4 Bg5 18. Qxe4 Rad8 19. Bc3 Qd7 20. Qf3 f6 21.
Rad1 Qe7 22. exf6 Bxf6 23. e4 Bxc3 24. Qxc3 Qg5 25. Qg3 h5 26. gxh5 Qxg3+ 27.
hxg3 Rxd1 28. Rxd1 exf5 29. exf5 Rxf5 30. Rd7 Rxh5 31. Rxa7 Rd5 32. c4 Rd2 33.
Ra6 Kh7 34. a4 Kg6 35. Rxb6+ Kf5 36. Rb5 Kg4 37. Rxc5 Rd3 38. b4 Rxg3+ 39. Kf2
Ra3 40. a5 Kf4 41. Rc7 Ra2+ 42. Kf1 g5 43. c5 Ke5 44. b5 1-0

[Event "XXXI Festival Conca della Presolana A"]
[Site "Bratto - Castione della Presolana ITA"]
[Date "2011.08.27"]
[Round "8"]
[White "Genocchio, Daniele"]
[Black "David, Alberto"]
[Result "1/2-1/2"]
[WhiteElo "2446"]
[BlackElo "2609"]
[PlyCount "42"]
[EventDate "2011.08.20"]

1. e4 c5 2. c3 e6 3. d4 d5 4. exd5 Qxd5 5. Nf3 Nf6 6. Be3 cxd4 7. cxd4 Nc6 8.
a3 Be7 9. Nc3 Qd6 10. Bd3 O-O 11. O-O b6 12. Qe2 Bb7 13. Rad1 Rad8 14. Rfe1 Nd5
15. Ne4 Qb8 16. Bb1 Rfe8 17. Nfg5 g6 18. Qf3 Rf8 19. Qh3 h5 20. Nc3 Nxe3 21.
Qxe3 Bf6 1/2-1/2

[Event "XXXI Festival Conca della Presolana A"]
[Site "Bratto - Castione della Presolana ITA"]
[Date "2011.08.27"]
[Round "8"]
[White "Getz, Nicolai"]
[Black "Efroimski, Marsel"]
[Result "1/2-1/2"]
[WhiteElo "2385"]
[BlackElo "2235"]
[PlyCount "38"]
[EventDate "2011.08.20"]

1. d4 Nf6 2. c4 g6 3. Nc3 d5 4. Nf3 Bg7 5. e3 O-O 6. cxd5 Nxd5 7. Bc4 Nb6 8.
Bb3 Nc6 9. O-O Bf5 10. h3 Na5 11. e4 Nxb3 12. Qxb3 Be6 13. d5 Bd7 14. a4 a5 15.
Be3 Ra6 16. Rfd1 Qc8 17. Kh2 e6 18. d6 c5 19. Nb5 Na8 1/2-1/2

[Event "XXXI Festival Conca della Presolana A"]
[Site "Bratto - Castione della Presolana ITA"]
[Date "2011.08.27"]
[Round "8"]
[White "Gonella, Daniele"]
[Black "Nepi, Ezio"]
[Result "1-0"]
[WhiteElo "2067"]
[BlackElo "1930"]
[PlyCount "91"]
[EventDate "2011.08.20"]

1. e4 c5 2. Nc3 Nc6 3. g3 g6 4. Bg2 Bg7 5. f4 d6 6. Nf3 Bg4 7. h3 Bxf3 8. Bxf3
e6 9. O-O Nge7 10. Ne2 O-O 11. c3 d5 12. d3 d4 13. g4 f5 14. Qb3 Qd7 15. gxf5
gxf5 16. e5 Rad8 17. c4 Ng6 18. Kh2 Qe7 19. Bd2 Rd7 20. Qd1 Bh6 21. Qe1 Kh8 22.
Bxc6 bxc6 23. Rd1 Rg8 24. Rg1 Rg7 25. Qf2 Rd8 26. Qf3 Qh4 27. Bc1 Rdg8 28. Rdf1
Ne7 29. Ng3 Rg4 30. Ne2 Rxg1 31. Nxg1 Rg4 32. Ne2 Ng6 33. Qf2 Qh5 34. b3 Rh4
35. Qf3 Rg4 36. Qxc6 Nh4 37. Ng3 Rxg3 38. Kxg3 Ng6 39. Qa8+ Bf8 40. Qf3 Qh4+
41. Kh2 Qd8 42. Bd2 Qb6 43. Rg1 Qa6 44. a4 Qb6 45. Qh5 Kg7 46. Qg5 1-0

[Event "XXXI Festival Conca della Presolana A"]
[Site "Bratto - Castione della Presolana ITA"]
[Date "2011.08.27"]
[Round "8"]
[White "Horvath, Jozsef"]
[Black "Narayanan, Srinath"]
[Result "1-0"]
[WhiteElo "2535"]
[BlackElo "2371"]
[PlyCount "105"]
[EventDate "2011.08.20"]

1. Nf3 c5 2. c4 Nc6 3. e3 Nf6 4. Nc3 e5 5. Be2 d5 6. d4 exd4 7. exd4 cxd4 8.
Nxd4 Bc5 9. Nxc6 bxc6 10. cxd5 cxd5 11. O-O O-O 12. Na4 Be7 13. Be3 Re8 14. Rc1
Bd6 15. Nc3 Be6 16. Nb5 Be5 17. b3 Ne4 18. Nd4 Bd7 19. Bg4 Qh4 20. h3 Bxg4 21.
Qxg4 Qxg4 22. hxg4 a5 23. Rfd1 Nf6 24. f3 a4 25. b4 Bd6 26. Nf5 Bxb4 27. g5 Re5
28. g4 Ne8 29. f4 Re4 30. Rxd5 Nd6 31. Rd4 Rxd4 32. Nxd4 Re8 33. Kf2 Ne4+ 34.
Kf3 Bd2 35. Bxd2 Nxd2+ 36. Kg2 g6 37. Rc2 Ne4 38. Kf3 Kf8 39. a3 Re7 40. Rh2
Nc3 41. Rxh7 Rd7 42. Rh8+ Kg7 43. Rc8 Nb1 44. Ke3 Nxa3 45. f5 Nb1 46. f6+ Kh7
47. Rc1 Rb7 48. Nc6 Rb3+ 49. Kf4 Rh3 50. Rxb1 a3 51. Rb7 Kg8 52. Rb8+ Kh7 53.
Rf8 1-0

[Event "XXXI Festival Conca della Presolana A"]
[Site "Bratto - Castione della Presolana ITA"]
[Date "2011.08.27"]
[Round "8"]
[White "Janczarski, Michal"]
[Black "Sertic, Rudolf"]
[Result "0-1"]
[WhiteElo "2316"]
[BlackElo "2406"]
[PlyCount "92"]
[EventDate "2011.08.20"]

1. c4 e5 2. g3 Nf6 3. Bg2 d5 4. cxd5 Nxd5 5. Nf3 Nc6 6. O-O Nb6 7. d3 Be7 8. a3
O-O 9. Nbd2 a5 10. b3 a4 11. Bb2 f6 12. b4 Be6 13. Rc1 Qd7 14. Qc2 Rfc8 15. d4
exd4 16. b5 Na7 17. Nxd4 Bd5 18. e4 Bf7 19. e5 fxe5 20. Nf5 Rab8 21. Bxe5 Bf8
22. Bh3 Qxb5 23. Ba1 Bg6 24. Rfe1 Kh8 25. Nxg7 Bxg7 26. Bxg7+ Kxg7 27. Qc3+ Kh6
28. Re5 Qd3 29. Qxd3 Bxd3 30. Bxc8 Rxc8 31. g4 Nc6 32. Re3 Bg6 33. f4 Nd5 34.
Rh3+ Kg7 35. f5 Bf7 36. Rc4 Nb6 37. Rf4 Rd8 38. Ne4 Rd4 39. g5 Nd5 40. Rfh4 Bg8
41. Nc5 Nf4 42. f6+ Kg6 43. Rh6+ Kxg5 44. Rg3+ Kxh6 45. Rxg8 Ne5 46. Nxb7 Ng4
0-1

[Event "XXXI Festival Conca della Presolana A"]
[Site "Bratto - Castione della Presolana ITA"]
[Date "2011.08.27"]
[Round "8"]
[White "Juhasz, Kristof"]
[Black "Reinaldo Castineira, Roi"]
[Result "1/2-1/2"]
[WhiteElo "2334"]
[BlackElo "2492"]
[PlyCount "79"]
[EventDate "2011.08.20"]

1. d4 Nf6 2. Nf3 c5 3. e3 g6 4. dxc5 Qa5+ 5. Nbd2 Qxc5 6. a3 Bg7 7. b4 Qc7 8.
Bb2 O-O 9. c4 b6 10. Be2 Bb7 11. O-O d6 12. Qb3 Nbd7 13. Rac1 Rac8 14. Rfd1 Qb8
15. Ng5 h6 16. Nh3 g5 17. f3 Rfd8 18. Nf2 Qa8 19. e4 Ne5 20. Nf1 g4 21. Ne3
gxf3 22. gxf3 e6 23. c5 Nh5 24. cxd6 Nf4 25. Kf1 Rxc1 26. Bxc1 Qb8 27. Neg4
Neg6 28. Bxf4 Nxf4 29. Qe3 Nxe2 30. Kxe2 Ba6+ 31. Ke1 Rxd6 32. Rxd6 Qxd6 33. e5
Qc7 34. Ne4 Qc2 35. Ngf6+ Kf8 36. h4 Ke7 37. Ng8+ Kf8 38. Ngf6 Ke7 39. Ng8+ Kf8
40. Ngf6 1/2-1/2

[Event "XXXI Festival Conca della Presolana A"]
[Site "Bratto - Castione della Presolana ITA"]
[Date "2011.08.27"]
[Round "8"]
[White "Manca, Federico"]
[Black "Panchanathan, Magesh Chandran"]
[Result "1/2-1/2"]
[WhiteElo "2401"]
[BlackElo "2556"]
[PlyCount "75"]
[EventDate "2011.08.20"]

1. e4 e5 2. Nf3 Nc6 3. Bb5 a6 4. Ba4 Nf6 5. O-O Be7 6. Re1 b5 7. Bb3 d6 8. c3
O-O 9. h3 Na5 10. Bc2 c5 11. d4 Qc7 12. d5 c4 13. b4 cxb3 14. axb3 Nd7 15. Bd2
Nb7 16. Na3 Nb6 17. b4 Bd7 18. Bd3 Rfc8 19. Qb1 Nc4 20. Nxc4 bxc4 21. Bc2 Bb5
22. Ra3 Bd8 23. Qa2 a5 24. Ra1 Qd7 25. Be3 h6 26. Nd2 Bg5 27. Nf1 Ra6 28. Bxg5
hxg5 29. Ne3 Rca8 30. Qb2 g6 31. Bd1 Kg7 32. Qc1 Qc7 33. Be2 Rc8 34. Qf1 Kf8
35. Bg4 Rca8 36. Be2 Rc8 37. Bg4 Rca8 38. Be2 1/2-1/2

[Event "XXXI Festival Conca della Presolana A"]
[Site "Bratto - Castione della Presolana ITA"]
[Date "2011.08.27"]
[Round "8"]
[White "Marguerettaz, Davy"]
[Black "Cebalo, Miso"]
[Result "0-1"]
[WhiteElo "2160"]
[BlackElo "2484"]
[PlyCount "90"]
[EventDate "2011.08.20"]

1. e4 c5 2. Nf3 Nc6 3. d4 cxd4 4. Nxd4 g6 5. c4 Nf6 6. Nc3 d6 7. Nc2 Bg7 8. Be2
b6 9. O-O Bb7 10. f3 Rc8 11. Be3 O-O 12. Qd2 Re8 13. Rad1 Ne5 14. b3 Qc7 15.
Nd4 Qb8 16. Nd5 Ned7 17. Bg5 a6 18. a4 e6 19. Bxf6 Bxf6 20. Nxf6+ Nxf6 21. a5
Qc7 22. axb6 Qxb6 23. Kh1 Kg7 24. b4 h6 25. Nb3 Red8 26. Na5 Ba8 27. Ra1 e5 28.
Bd3 Nh5 29. Qb2 Nf4 30. Rfd1 h5 31. Bf1 f6 32. Qa3 h4 33. c5 dxc5 34. bxc5 Qc7
35. c6 Bxc6 36. Bxa6 Rxd1+ 37. Rxd1 Ra8 38. Nxc6 Qxc6 39. Qe7+ Kh6 40. Bf1 Qc2
41. Qd6 Kg5 42. Qd2 Qb3 43. Qd7 Kh6 44. Qd6 h3 45. Rc1 Qb2 0-1

[Event "XXXI Festival Conca della Presolana A"]
[Site "Bratto - Castione della Presolana ITA"]
[Date "2011.08.27"]
[Round "8"]
[White "Melia, Salome"]
[Black "De Santis, Alessio"]
[Result "1-0"]
[WhiteElo "2437"]
[BlackElo "2305"]
[PlyCount "97"]
[EventDate "2011.08.20"]

1. e4 b6 2. d4 Bb7 3. Bd3 Nf6 4. Nd2 e6 5. Ne2 d6 6. O-O Nbd7 7. f4 g6 8. c3
Bg7 9. e5 Ng4 10. Nc4 d5 11. Ne3 h5 12. Qc2 Nxe3 13. Bxe3 Qe7 14. Kh1 c5 15.
Ng1 c4 16. Be2 b5 17. b3 a6 18. a4 O-O 19. Nf3 cxb3 20. Qxb3 Nb6 21. axb5 a5
22. Bc1 Rfc8 23. Ba3 Qc7 24. Rfc1 Bf8 25. Bxf8 Kxf8 26. Rxa5 Rab8 27. Ra7 Kg7
28. Qb4 Nc4 29. Ng5 Qd8 30. Bd3 Qf8 31. Qxf8+ Rxf8 32. Kg1 Rfc8 33. Kf2 Nb6 34.
Ke2 Rc7 35. Kd2 Nc8 36. Ra5 Nb6 37. g3 Nc4+ 38. Bxc4 dxc4 39. Ra7 Rcc8 40. Rb1
Kg8 41. Rb4 Kg7 42. Ke3 Kg8 43. b6 Kg7 44. Rb5 Kg8 45. Rc5 Bd5 46. Rxf7 Rf8 47.
Re7 Rxb6 48. Rcc7 Rfb8 49. Nh7 1-0

[Event "XXXI Festival Conca della Presolana A"]
[Site "Bratto - Castione della Presolana ITA"]
[Date "2011.08.27"]
[Round "8"]
[White "Mikalsen, Erlend"]
[Black "Dritsakos, Alessio"]
[Result "0-1"]
[WhiteElo "2037"]
[BlackElo "2004"]
[PlyCount "62"]
[EventDate "2011.08.20"]

1. e4 e5 2. Bc4 Nf6 3. d3 Nc6 4. Nf3 Bc5 5. O-O O-O 6. c3 d6 7. Bg5 h6 8. Bh4
Bg4 9. Nbd2 g5 10. Bg3 Qd7 11. a4 a6 12. Qc2 Bb6 13. h4 Bxf3 14. Nxf3 Kg7 15.
hxg5 hxg5 16. Qd2 Nh7 17. Nxg5 Qg4 18. Nxh7 Kxh7 19. d4 exd4 20. Be2 Qxg3 21.
c4 Qg6 22. Bd3 Ne5 23. f4 Nxd3 24. Qxd3 Rg8 25. Rf2 Qg3 26. Qxg3 Rxg3 27. Kh2
Rag8 28. a5 Ba7 29. f5 R8g5 30. Rf3 Rxg2+ 31. Kh1 R5g3 0-1

[Event "XXXI Festival Conca della Presolana A"]
[Site "Bratto - Castione della Presolana ITA"]
[Date "2011.08.27"]
[Round "8"]
[White "Montani, Francesco"]
[Black "Pantaleoni, Claudio"]
[Result "1-0"]
[WhiteElo "2218"]
[BlackElo "2166"]
[PlyCount "69"]
[EventDate "2011.08.20"]

1. Nf3 Nf6 2. c4 g6 3. b4 Bg7 4. Bb2 O-O 5. g3 c6 6. Bg2 d5 7. cxd5 cxd5 8. O-O
Qb6 9. a3 a5 10. Bd4 Qd8 11. b5 b6 12. Nc3 Nbd7 13. Ne5 Nxe5 14. Bxe5 Bb7 15.
Qa4 Rc8 16. d3 Ne8 17. Bxg7 Nxg7 18. Qb3 Ne6 19. Rac1 Nc5 20. Qa2 e6 21. d4 Nd7
22. Rc2 Qf6 23. e3 Qf5 24. Rfc1 Kg7 25. Qb2 Qf6 26. Na4 Rb8 27. Rc7 Rfd8 28.
Qd2 Ba8 29. Ra7 Rb7 30. Rxb7 Bxb7 31. Rc7 Ba8 32. Qc3 e5 33. dxe5 Nxe5 34. Qd4
Re8 35. Nxb6 1-0

[Event "XXXI Festival Conca della Presolana A"]
[Site "Bratto - Castione della Presolana ITA"]
[Date "2011.08.27"]
[Round "8"]
[White "Negro, Roberto"]
[Black "Guerra, Alessandro"]
[Result "1/2-1/2"]
[WhiteElo "2170"]
[BlackElo "2204"]
[PlyCount "26"]
[EventDate "2011.08.20"]

1. d4 d5 2. c4 e6 3. Nc3 Nf6 4. Bg5 Nbd7 5. e3 c6 6. Qc2 Be7 7. Nf3 O-O 8. Bd3
h6 9. Bxf6 Bxf6 10. O-O dxc4 11. Bxc4 e5 12. Rfd1 exd4 13. Nxd4 Qa5 1/2-1/2

[Event "XXXI Festival Conca della Presolana A"]
[Site "Bratto - Castione della Presolana ITA"]
[Date "2011.08.27"]
[Round "8"]
[White "Pesce, Gabriele"]
[Black "Finocchiaro, Gianluca"]
[Result "1/2-1/2"]
[WhiteElo "2177"]
[BlackElo "2115"]
[PlyCount "76"]
[EventDate "2011.08.20"]

1. e4 c5 2. Nf3 d6 3. d4 cxd4 4. Nxd4 Nf6 5. Nc3 a6 6. Bc4 e6 7. Bb3 Nbd7 8. f4
Nc5 9. e5 dxe5 10. fxe5 Nfd7 11. Bf4 b5 12. Qg4 h5 13. Qg3 h4 14. Qg4 g5 15.
O-O-O Qe7 16. Nc6 Nxb3+ 17. axb3 Qc5 18. Ne4 Qxc6 19. Bxg5 Bb7 20. Rd6 Bxd6 21.
Nxd6+ Kf8 22. Rf1 Nxe5 23. Qxe6 Qd5 24. Rxf7+ Nxf7 25. Be7+ Kg7 26. Qf6+ Kh7
27. Nxf7 Qh5 28. Ng5+ Kg8 29. Qe6+ Kg7 30. Bf6+ Kh6 31. Bxh8+ Qg6 32. Nf7+ Kh7
33. Qe7 Qxg2 34. Be5 Qf1+ 35. Kd2 Qf2+ 36. Kd3 Qf3+ 37. Kd2 Qf2+ 38. Kd3 Qf3+
1/2-1/2

[Event "XXXI Festival Conca della Presolana A"]
[Site "Bratto - Castione della Presolana ITA"]
[Date "2011.08.27"]
[Round "8"]
[White "Podini, Francesco"]
[Black "Gasperoni, Stefano"]
[Result "1-0"]
[WhiteElo "2033"]
[BlackElo "2001"]
[PlyCount "63"]
[EventDate "2011.08.20"]

1. e4 e5 2. Bc4 Nf6 3. d3 Nc6 4. Nc3 Be7 5. f4 d6 6. f5 Na5 7. Qf3 c6 8. Nge2
b5 9. Bb3 b4 10. Nd1 Nxb3 11. axb3 d5 12. Ne3 Bc5 13. g4 a5 14. g5 dxe4 15.
dxe4 Nd7 16. Nc4 Qc7 17. Be3 Bxe3 18. Qxe3 f6 19. Rg1 O-O 20. Kf2 Ba6 21. Rxa5
Bxc4 22. Rxa8 Rxa8 23. bxc4 Qa7 24. Rd1 Qxe3+ 25. Kxe3 Nb6 26. b3 c5 27. Rd6
Rb8 28. gxf6 gxf6 29. Rxf6 Nd7 30. Rd6 Rb7 31. Nc1 Kf7 32. Nd3 1-0

[Event "XXXI Festival Conca della Presolana A"]
[Site "Bratto - Castione della Presolana ITA"]
[Date "2011.08.27"]
[Round "8"]
[White "Qendro, Llambi"]
[Black "Cani, Gazmir"]
[Result "1/2-1/2"]
[WhiteElo "2343"]
[BlackElo "2114"]
[PlyCount "25"]
[EventDate "2011.08.20"]

1. d4 Nf6 2. c4 g6 3. Nc3 d5 4. Bg5 Ne4 5. cxd5 Nxc3 6. bxc3 Qxd5 7. Nf3 Bg7 8.
e3 c5 9. Be2 Nc6 10. O-O O-O 11. c4 Qd6 12. d5 Ne5 13. Bf4 1/2-1/2

[Event "XXXI Festival Conca della Presolana A"]
[Site "Bratto - Castione della Presolana ITA"]
[Date "2011.08.27"]
[Round "8"]
[White "Rambaldi, Francesco"]
[Black "Codenotti, Marco"]
[Result "1/2-1/2"]
[WhiteElo "2206"]
[BlackElo "2323"]
[PlyCount "44"]
[EventDate "2011.08.20"]

1. d4 Nf6 2. c4 g6 3. Nc3 d5 4. Bf4 Bg7 5. e3 O-O 6. Nf3 c5 7. dxc5 Qa5 8. Rc1
Nbd7 9. Qa4 Qxc5 10. b4 Qc6 11. Qxc6 bxc6 12. Be2 Bb7 13. O-O Nh5 14. Bg5 e5
15. cxd5 cxd5 16. Rfd1 h6 17. Bh4 g5 18. Nd2 Nhf6 19. Bg3 Rfe8 20. Nb3 Rad8 21.
Na5 Ba8 22. Nb5 Rb8 1/2-1/2

[Event "XXXI Festival Conca della Presolana A"]
[Site "Bratto - Castione della Presolana ITA"]
[Date "2011.08.27"]
[Round "8"]
[White "Ranieri, Fabrizio"]
[Black "Pedzich, Dominik"]
[Result "1/2-1/2"]
[WhiteElo "2299"]
[BlackElo "2418"]
[PlyCount "38"]
[EventDate "2011.08.20"]

1. e4 c5 2. Nf3 e6 3. d4 cxd4 4. Nxd4 Nf6 5. Nc3 d6 6. g4 h6 7. Bg2 Bd7 8. h3
Nc6 9. Be3 Be7 10. Qe2 Nxd4 11. Bxd4 e5 12. Be3 O-O 13. O-O-O Qa5 14. Kb1 Rfc8
15. Qd2 Be6 16. Nd5 Qxd2 17. Nxf6+ Bxf6 18. Rxd2 Rc6 19. Rhd1 Rac8 1/2-1/2

[Event "XXXI Festival Conca della Presolana A"]
[Site "Bratto - Castione della Presolana ITA"]
[Date "2011.08.27"]
[Round "8"]
[White "Recuero Guerra, David"]
[Black "Arun Prasad, Subramanian"]
[Result "0-1"]
[WhiteElo "2441"]
[BlackElo "2489"]
[PlyCount "80"]
[EventDate "2011.08.20"]

1. d4 d5 2. c4 e6 3. Nf3 Nf6 4. g3 Bb4+ 5. Bd2 Be7 6. Bg2 O-O 7. O-O c6 8. Qc2
b6 9. Rd1 Ba6 10. b3 Nbd7 11. Bf4 Rc8 12. Nc3 h6 13. e4 dxc4 14. h3 Re8 15. g4
Bb4 16. Nd2 Qe7 17. Nxc4 Bxc4 18. bxc4 e5 19. dxe5 Nxe5 20. Ne2 Ng6 21. f3 Bc5+
22. Kh1 Nxf4 23. Nxf4 g5 24. Nd3 Nd7 25. f4 Be3 26. Rf1 gxf4 27. Nxf4 Bxf4 28.
Rxf4 Ne5 29. Raf1 Rcd8 30. Rf5 c5 31. Qf2 Rd6 32. g5 Qf8 33. h4 Qg7 34. Bh3 Rg6
35. Qf4 hxg5 36. hxg5 Nd3 37. Qc7 Ne5 38. Qxa7 Qh7 39. Kg2 Nxc4 40. Rxf7 Ne3+
0-1

[Event "XXXI Festival Conca della Presolana A"]
[Site "Bratto - Castione della Presolana ITA"]
[Date "2011.08.27"]
[Round "8"]
[White "Ricci, Marco"]
[Black "Vezzani, Stefano"]
[Result "1/2-1/2"]
[WhiteElo "2074"]
[BlackElo "2183"]
[PlyCount "76"]
[EventDate "2011.08.20"]

1. e4 g6 2. d4 Bg7 3. Nf3 d6 4. Bd3 Nc6 5. d5 Nb8 6. O-O Nf6 7. Nc3 O-O 8. Be3
c6 9. h3 Nbd7 10. dxc6 bxc6 11. Qd2 a5 12. Bh6 a4 13. Bxg7 Kxg7 14. Rfe1 Qa5
15. a3 Ba6 16. Bxa6 Rxa6 17. Qd4 Qc5 18. Qxc5 Nxc5 19. e5 Nfd7 20. exd6 exd6
21. Ne4 d5 22. Nxc5 Nxc5 23. Nd4 Rb8 24. Rab1 Kf6 25. Re3 Ne4 26. b4 axb3 27.
Rexb3 Rba8 28. Rb6 Nd2 29. Rxa6 Rxa6 30. Rd1 Nc4 31. Rd3 Rxa3 32. Nxc6 Rxd3 33.
cxd3 Nb2 34. Nb4 Ke5 35. Kf1 Kd4 36. Ke2 Kc5 37. Nc2 d4 38. g3 Na4 1/2-1/2

[Event "XXXI Festival Conca della Presolana A"]
[Site "Bratto - Castione della Presolana ITA"]
[Date "2011.08.27"]
[Round "8"]
[White "Sveshnikov, Vladimir"]
[Black "Cocchi, Andrea"]
[Result "0-1"]
[WhiteElo "2407"]
[BlackElo "2297"]
[PlyCount "124"]
[EventDate "2011.08.20"]

1. e4 c6 2. d4 d5 3. exd5 cxd5 4. Nf3 Nf6 5. Bf4 Nc6 6. c3 Bf5 7. Bd3 Bxd3 8.
Qxd3 e6 9. Nbd2 Be7 10. O-O O-O 11. Rae1 Rc8 12. Re2 Nh5 13. Be3 Bd6 14. g3 Qd7
15. Nb3 Nf6 16. Rfe1 Rfe8 17. Kg2 b6 18. a3 Qb7 19. Qd1 h6 20. Nc1 Na5 21. Nd3
Nc4 22. Bf4 Bf8 23. Nfe5 b5 24. f3 a5 25. g4 b4 26. axb4 axb4 27. Qb3 Qa7 28.
Nxb4 Bxb4 29. Qxb4 Rb8 30. Qc5 Qxc5 31. dxc5 Rxb2 32. Rxb2 Nxb2 33. c6 Rc8 34.
Rb1 Na4 35. Rb7 d4 36. cxd4 Nd5 37. Rxf7 Rxc6 38. Bg3 Rc2+ 39. Kh3 Nac3 40. Rb7
Ne2 41. g5 hxg5 42. Kg4 Nxd4 43. Kxg5 Kh7 44. Rb8 Rc3 45. Nd7 Nxf3+ 46. Kh5 g6+
47. Kg4 Kg7 48. Re8 Kf7 49. Rh8 Kg7 50. Rh3 Re3 51. Bd6 Ng1 52. Bf8+ Kg8 53.
Rh6 Nf6+ 54. Nxf6+ Kxf8 55. Rxg6 Kf7 56. Rh6 Kg7 57. Ng8 Kxg8 58. Kf4 Re1 59.
Kg5 Kg7 60. Rg6+ Kf7 61. Rf6+ Ke7 62. Rf2 Nh3+ 0-1

[Event "XXXI Festival Conca della Presolana A"]
[Site "Bratto - Castione della Presolana ITA"]
[Date "2011.08.27"]
[Round "8"]
[White "Vrhovnik, Damir"]
[Black "Ranfagni, Stefano"]
[Result "1-0"]
[WhiteElo "2082"]
[BlackElo "2006"]
[PlyCount "119"]
[EventDate "2011.08.20"]

1. Nf3 d5 2. g3 e6 3. b3 Nf6 4. Bb2 Be7 5. c4 c6 6. Bg2 Nbd7 7. O-O O-O 8. d3
Re8 9. Nbd2 b6 10. a3 Bb7 11. b4 c5 12. b5 d4 13. e4 e5 14. Nh4 g6 15. Bh3 Nh5
16. Nf5 Bc8 17. Nxe7+ Qxe7 18. Bc1 Ndf6 19. Bg2 Ng7 20. a4 Bb7 21. Nf3 Nd7 22.
Bg5 f6 23. Bh6 Qf7 24. h4 Ne6 25. a5 Qe7 26. Qd2 Kh8 27. Bh3 Nd8 28. Qe2 Nf7
29. Bd2 Nf8 30. Ra2 Ne6 31. Rfa1 Ng7 32. Bg2 h6 33. Nh2 Kh7 34. Bc1 Qd7 35. Bf3
f5 36. axb6 axb6 37. Rxa8 Rxa8 38. Rxa8 Bxa8 39. exf5 Bxf3 40. fxg6+ Kxg6 41.
Qxf3 Qf5 42. Kg2 h5 43. Qxf5+ Kxf5 44. f3 Nd6 45. g4+ hxg4 46. fxg4+ Kg6 47.
h5+ Kf7 48. Nf3 e4 49. Ng5+ Kg8 50. Nxe4 Nxe4 51. dxe4 Ne8 52. Bf4 d3 53. Kf3
d2 54. Bxd2 Nd6 55. g5 Nxc4 56. Bc3 Nd6 57. g6 Nxb5 58. Bf6 Nd4+ 59. Bxd4 cxd4
60. Ke2 1-0